书目信息 |
| 题名: |
制造三文鱼
|
|
| 作者: | 塞特尔 , 厄斯特利 著 ;梁友平 , 李菁菁 译 | |
| 分册: | ||
| 出版信息: | 北京 中国工人出版社 2025.01 |
|
| 页数: | 410页 | |
| 开本: | 21cm | |
| 丛书名: | ||
| 单 册: | ||
| 中图分类: | X21 , F316.43 | |
| 科图分类: | ||
| 主题词: | 海水养殖--hai shui yang zhi--鱼类养殖--渔业经济--发展--影响--海洋环境--研究--世界 | |
| 电子资源: | ||
| ISBN: | 978-7-5008-8481-1 | |
| 000 | 02027nam0 2200361 450 | |
| 001 | 94565 | |
| 005 | 20250820172244.17 | |
| 010 | @a978-7-5008-8481-1@dCNY88.00 | |
| 099 | @aCAL 012025016201 | |
| 100 | @a20250305d2025 em y0chiy50 ea | |
| 101 | 1 | @achi@cnor |
| 102 | @aCN@b110000 | |
| 105 | @ay a 000zy | |
| 106 | @ar | |
| 200 | 1 | @a制造三文鱼@Azhi zao san wen yu@d= Den nye fisken@e海洋生态危机与经济不平等@f(挪威) 西蒙·塞特尔, 谢蒂尔·厄斯特利著@g梁友平, 李菁菁译@znor |
| 210 | @a北京@c中国工人出版社@d2025.01 | |
| 215 | @a410页@d21cm | |
| 306 | @a北京永固兴码文化传媒有限公司授权出版 | |
| 312 | @a原文其他题名取自版权页 | |
| 314 | @a西蒙·塞特尔(Simen S?tre), 新闻调查记者, 曾用多种语言撰写文章并发表。他写过6本书, 主题包括国际巧克力产业、石油国家等。他的作品发人深省, 屡获好评和奖项提名。谢蒂尔·厄斯特利 (Kjetil ?sti), 记者、作家, 专注于撰写自然题材的文章, 他撰写的报道和4本书曾多次获奖, 其处女作《警察与强盗》获得挪威最具权威的文学奖“伯瑞格奖”(BragePrize)。梁友平, 中国驻挪威大使馆原外交官, 曾于20世纪60年代赴挪威留学学习挪威语。现任北京外国语大学客座教授, 多年从事挪威语翻译工作, 出版译著《人猿之间 —— 黑猩猩尤利乌斯传》等。李菁菁, 文学博士, 现任北京外国语大学挪威语专业教师, 已翻译30余部挪威语文学作品, 曾荣获挪威海外文学推广协会授予的“月度翻译家”奖项。 | |
| 320 | @a有书目 (第399-410页) | |
| 330 | @a本书讲述了世界三文鱼养殖产业的发展及其对生态环境的影响, 是一部三文鱼养殖的生态启示录。 | |
| 500 | 10 | @aDen nye fisken : om temmingen av laksen og alt det forunderlige som fulgte@mChinese |
| 517 | 1 | @a海洋生态危机与经济不平等@Ahai yang sheng tai wei ji yu jing ji bu ping deng |
| 606 | 0 | @a海水养殖@Ahai shui yang zhi@x鱼类养殖@x渔业经济@x发展@x影响@x海洋环境@x研究@y世界 |
| 690 | @aX21@v5 | |
| 690 | @aF316.43@v5 | |
| 701 | 1 | @a塞特尔@Asai te er@g(S?tre, Simen)@4著 |
| 701 | 1 | @a厄斯特利@Ae si te li@g(?stli, Kjetil)@4著 |
| 702 | 0 | @a梁友平@Aliang you ping@4译 |
| 702 | 0 | @a李菁菁@Ali jing jing@4译 |
| 801 | 0 | @aCN@c20250909 |
| 905 | @a河南城建学院图书馆@dX21@eS014@f1 | |
| 制造三文鱼= Den nye fisken:海洋生态危机与经济不平等/(挪威) 西蒙·塞特尔, 谢蒂尔·厄斯特利著/梁友平, 李菁菁译.-北京:中国工人出版社,2025.01 |
| 410页;21cm |
| ISBN 978-7-5008-8481-1:CNY88.00 |
| 本书讲述了世界三文鱼养殖产业的发展及其对生态环境的影响, 是一部三文鱼养殖的生态启示录。 |
| ● |
| 相关链接 |
|
|
|
正题名:制造三文鱼
索取号:X21/S014
 
预约/预借
| 序号 | 登录号 | 条形码 | 馆藏地/架位号 | 状态 | 备注 |
| 1 | 1628771 | 216287710 | 自科库501/501自科库 64排2列2层/ [索取号:X21/S014] | 在馆 |